00880nam a2200205 a 4500003000200000005001700002008004100019050002700060100002800087245009500115260009000210300004000300504004100340650004400381650004300425650004800468942001400516999001700530952012700547020250206094339.0130817s19uu xx 00 eng d aPHS BF 448b.G184 2013 aGamab, Paulo Gabriel C. aExternal factors and decision making among high school students /cPaulo Gabriel C. Gamab. aLas Piñas City, Philippines :bSouthville International School and Colleges,c2013. a32 pages :billustrations ;c28 cm. aIncludes bibliographical references. aDecision-makingvPsychological aspects. aHigh school studentsvDecision-making. aAdolescent psychologyvCognitive processes. 2lcccPASS c98931d98931 00102lcc40aLUXbLUXcPASSd2013-08-17eDONATIONl0oPHS BF 448 .G184 2013pP3032r2019-11-26 00:00:00w2014-04-08yPASS